000 00730nam a2200217 a 4500
005 20240925065135.0
008 991125s1975 bue 000 0 spa u
035 _aUPN01000049691
049 _aCG
050 4 _aLB1051
_bD4.68
100 1 _aDeutsch, Morton,
_d1920-
_936412
245 1 0 _aPsicología social de la educación /
_cM. Deutsch ... [et al.] ; comp. Joel R. Davitz y Samuel Ball ; tr. Marta Rivalta.
260 _aBuenos Aires :
_bPaidós,
_c1975.
300 _a251 p.
440 0 _aBiblioteca del educador contemporáneo.
_pSerie menor ;
_v186
650 4 _aPsicopedagogía
_95085
650 4 _aPsicología social
_95889
700 1 _aDavitz, Joel Robert,
_ecomp.
700 1 _aBall, Samuel,
_ecomp.
905 _aLibro
999 _c49691
_d49691